| Tag |
First Indicator |
Second Indicator |
Subfields |
| LEADER |
00000cam a2200000 a 4500 |
| 001 |
in00000372921 |
| 005 |
20151011094044.0 |
| 008 |
810612s1981 enkaf b 00110 eng d |
| 020 |
|
|
|a 0715610511
|
| 020 |
|
|
|a 0715615653 (pbk)
|
| 035 |
|
|
|a (OCoLC)07497916
|
| 035 |
|
|
|9 ABR0392AM
|
| 040 |
|
|
|a SMI
|c SMI
|d TXA
|d UtOrBLW
|
| 049 |
|
|
|a TXAM
|c [1329719]
|
| 090 |
|
|
|a QL63
|b .M58 1981
|
| 100 |
1 |
|
|a Metcalf, John C.
|
| 245 |
1 |
0 |
|a Taxidermy :
|b a complete manual /
|c John C. Metcalf.
|
| 264 |
|
1 |
|a London :
|b Duckworth,
|c [1981]
|
| 264 |
|
4 |
|c ©1981
|
| 300 |
|
|
|a 166 pages, 8 pages of plates :
|b illustrations (some color) ;
|c 26 cm.
|
| 336 |
|
|
|a text
|b txt
|2 rdacontent
|
| 337 |
|
|
|a unmediated
|b n
|2 rdamedia
|
| 338 |
|
|
|a volume
|b nc
|2 rdacarrier
|
| 500 |
|
|
|a Includes index.
|
| 504 |
|
|
|a Bibliography: page 138.
|
| 650 |
|
0 |
|a Taxidermy.
|
| 650 |
|
0 |
|a Birds
|x Collection and preservation.
|
| 650 |
|
0 |
|a Fishes
|x Collection and preservation.
|
| 650 |
|
0 |
|a Mammals
|x Collection and preservation.
|
| 999 |
|
|
|a MARS
|
| 999 |
f |
f |
|s ba2df7ac-e410-35d3-ac08-c9d3493d5de8
|i 9e51c011-63cf-3234-8a54-8577cbeb68ba
|t 0
|
| 952 |
f |
f |
|p ric
|a Texas A&M University
|b Rellis Campus
|c Joint Library Facility
|d Remote Storage
|t 0
|e QL63 .M58 1981
|h Library of Congress classification
|i unmediated -- volume
|m A14807562979
|
| 998 |
f |
f |
|a QL63 .M58 1981
|t 0
|l Remote Storage
|